| 000 | 00327nam a22001217a 4500 | ||
|---|---|---|---|
| 020 | _a8122418104 | ||
| 082 |
_222 _a627 |
||
| 100 | _aAsawa, G. L. | ||
| 245 | _aLaboratory work in hydraulic engineering / | ||
| 260 |
_aNew Delhi, _bNew Age International, _cc2006. |
||
| 300 |
_ax, 193 p. ; _bill. ; _c24 cm. |
||
| 942 |
_2ddc _cCIVIL _02 |
||
| 999 |
_c1244 _d1244 |
||